000 00255nam a2200109Ia 4500
008 220204s9999 xx 000 0 und d
082 _a82-3
_bHUD
100 _aHudsor, Christopher
245 0 _aInsider out
260 _aLondon
_bCoronet
_c1982
942 _cBK
999 _c38698
_d38698